Normal view
MARC view
Entry Personal Name
001 - CONTROL NUMBER
- control field: 16796
003 - CONTROL NUMBER IDENTIFIER
- control field: BD-RjUL
005 - DATE AND TIME OF LATEST TRANSACTION
- control field: 20250907120141.0
008 - FIXED-LENGTH DATA ELEMENTS
- fixed length control field: 250907|| aca||aabn | a|a d
040 ## - CATALOGING SOURCE
- Original cataloging agency: BD-RjUL
- Transcribing agency: BD-RjUL
100 ## - HEADING--PERSONAL NAME
- Personal name: عبد الحق, ʿAbd-al-Ḥaqq
670 ## - SOURCE DATA FOUND
- Source citation: Work cat.: (BD-RjUL)85653: عبد الحق, ʿAbd-al-Ḥaqq, انتخاب داغ / Intiẖāb-i Dāġ /, 1961